书目信息 |
| 题名: |
皮皮访谈录
|
|
| 作者: | 皮丽华 编著 | |
| 分册: | ||
| 出版信息: | 北京 电子工业出版社 2016.01 |
|
| 页数: | 331页 | |
| 开本: | 24cm | |
| 丛书名: | ||
| 单 册: | ||
| 中图分类: | TP274-49 , TP374 | |
| 科图分类: | ||
| 主题词: | 数据处理--普及读物 , 计算技术 , 电子计算机 | |
| 电子资源: | ||
| ISBN: | 978-7-121-27474-9 | |
| 000 | 00967nam0 2200265 450 | |
| 001 | 1110 | |
| 005 | 20161008081444.26 | |
| 010 | @a978-7-121-27474-9@b平装@dCNY69.00 | |
| 100 | @a20160206d2016 em y0chiy50 ea | |
| 101 | 0 | @achi |
| 102 | @aCN@b110000 | |
| 105 | @aa z 000yy | |
| 200 | 1 | @a皮皮访谈录@9pi pi fang tan lu@e大数据时代名家高端访谈@f皮丽华编著 |
| 210 | @a北京@c电子工业出版社@d2016.01 | |
| 215 | @a331页@c图,照片@d24cm | |
| 330 | @a本书以对话的方式,邀请IT业界大咖坐镇访谈,为读者讲述了海量数据分析与处理、云计算架构与优化、数据库性能优化与实践、大型分布式软件架构、IDC与数据中心运维、职业生涯与创业六大主要内容。 | |
| 517 | 1 | @a大数据时代名家高端访谈@9da shu ju shi dai ming jia gao duan fang tan |
| 606 | 0 | @a数据处理@j普及读物 |
| 606 | 0 | @a计算技术 |
| 606 | 0 | @a电子计算机 |
| 690 | @aTP274-49@v5 | |
| 690 | @aTP374@v4 | |
| 701 | 0 | @a皮丽华@9pi li hua@4编著 |
| 801 | 0 | @aCN@b唐山师范学院图书馆@c20160830 |
| 905 | @aZUCC@dTP274-49@e132 | |
| 皮皮访谈录:大数据时代名家高端访谈/皮丽华编著.-北京:电子工业出版社,2016.01 |
| 331页:图,照片;24cm |
| ISBN 978-7-121-27474-9(平装):CNY69.00 |
| 本书以对话的方式,邀请IT业界大咖坐镇访谈,为读者讲述了海量数据分析与处理、云计算架构与优化、数据库性能优化与实践、大型分布式软件架构、IDC与数据中心运维、职业生涯与创业六大主要内容。 |
| ● |
| 相关链接 |
|
|
|
|
正题名:皮皮访谈录
索取号:TP274-49/132
 
预约/预借
| 序号 | 登录号 | 条形码 | 馆藏地/架位号 | 状态 | 备注 |
| 1 | 906974 | 209069746 | 第二样本阅览室/ [索取号:TP274-49/132] | 在馆 | |
| 2 | 906975 | 209069755 | 第三借阅区/ [索取号:TP274-49/132] | 在馆 | |
| 3 | 906976 | 209069764 | 第三借阅区/ [索取号:TP274-49/132] | 在馆 |